[Event "Lewisham International 3rd"]
[Site "London"]
[Date "1983.11.26"]
[Round "3.4"]
[White "Hartoch, Robert G"]
[Black "Crouch, Colin S"]
[Result "1/2-1/2"]
[WhiteElo "2355"]
[BlackElo "2300"]
[PlyCount "31"]
[EventDate "1983.11.24"]
[EventType "swiss"]
[EventRounds "9"]
[EventCountry "ENG"]

1. e4 c5 2. f4 Nc6 3. Nf3 e6 4. Nc3 d6 5. g3 Nge7 6. Bg2 g6 7. O-O Bg7 8. d3
O-O 9. Be3 Nd4 10. Rb1 Rb8 11. Ne2 Nxf3+ 12. Bxf3 b6 13. d4 Ba6 14. Re1 Bb7 15.
Nc3 f5 16. Bf2 1/2-1/2

[Event "Lewisham International 3rd"]
[Site "London"]
[Date "1983.11.26"]
[Round "3.5"]
[White "Condie, Mark L"]
[Black "Miles, Anthony John"]
[Result "1/2-1/2"]
[WhiteElo "2340"]
[BlackElo "2585"]
[PlyCount "142"]
[EventDate "1983.11.24"]
[EventType "swiss"]
[EventRounds "9"]
[EventCountry "ENG"]

1. d4 Nf6 2. Nf3 b6 3. Bg5 e6 4. e4 h6 5. Bxf6 Qxf6 6. c3 Bb7 7. Nbd2 c5 8. Bd3
cxd4 9. cxd4 Nc6 10. e5 Qd8 11. O-O Nb4 12. Be4 Nd5 13. Re1 Rc8 14. Nf1 Bb4 15.
N3d2 O-O 16. a3 Bxd2 17. Qxd2 Qh4 18. g3 Qh3 19. Ne3 Nxe3 20. Bxb7 Nc4 21. Qe2
Rc7 22. Rac1 Rxb7 23. Rxc4 Qf5 24. Rec1 b5 25. Rc7 Rfb8 26. b4 g5 27. Rxb7 Rxb7
28. Rc8+ Kg7 29. Qc2 Qxc2 30. Rxc2 g4 31. h3 h5 32. hxg4 hxg4 33. Kf1 Kg6 34.
Ke2 Kf5 35. Rc3 Rb6 36. Rc7 Ra6 37. Rc3 Ra4 38. Kd3 a5 39. bxa5 Rxa5 40. Rb3
Ra8 41. Ke3 Ra4 42. Kd3 f6 43. exf6 Kxf6 44. Ke3 d5 45. Ke2 Kf5 46. Re3 Ra5 47.
f3 Ra4 48. Rd3 Rc4 49. fxg4+ Kxg4 50. Kd2 Kf5 51. Rf3+ Kg5 52. Rd3 Kg4 53. Kd1
Kf5 54. Kd2 Ke4 55. Re3+ Kxd4 56. Rxe6 Rc8 57. Re3 Rg8 58. Rd3+ Kc5 59. Rc3+
Kb6 60. Rd3 Rg5 61. g4 Kc5 62. Rc3+ Kd6 63. Rb3 d4 64. a4 bxa4 65. Rb4 Ra5 66.
Rxd4+ Ke5 67. Rb4 a3 68. Rb1 Kd4 69. Kc2 Kc4 70. Ra1 Kb4 71. Rf1 Rc5+ 1/2-1/2

[Event "Lewisham International 3rd"]
[Site "London"]
[Date "1983.11.26"]
[Round "3.7"]
[White "Britton, Richard"]
[Black "Gallagher, Joseph G"]
[Result "1-0"]
[WhiteElo "2325"]
[BlackElo "2250"]
[PlyCount "107"]
[EventDate "1983.11.24"]
[EventType "swiss"]
[EventRounds "9"]
[EventCountry "ENG"]

1. c4 g6 2. Nc3 Bg7 3. g3 d6 4. Bg2 e5 5. e3 Nc6 6. Nge2 Nge7 7. O-O O-O 8. d3
Be6 9. Nd5 Qd7 10. Bd2 Nd8 11. Qb3 c6 12. Nxe7+ Qxe7 13. a4 f5 14. a5 a6 15.
Nc3 g5 16. f4 h6 17. Na4 Nf7 18. Bb4 Rad8 19. Nb6 h5 20. Rad1 h4 21. d4 hxg3
22. hxg3 e4 23. Rd2 Nh6 24. d5 Bf7 25. dxc6 bxc6 26. Rfd1 gxf4 27. exf4 e3 28.
Re1 Ng4 29. Bxc6 Qc7 30. Nd5 exd2 31. Nxc7 dxe1=Q+ 32. Bxe1 Bd4+ 33. Kh1 Kg7
34. Bc3 Rh8+ 35. Kg2 Rh2+ 36. Kf1 Bxc3 37. Qxc3+ Kg6 38. Ke1 Rdh8 39. b4 d5 40.
cxd5 Rh1+ 41. Kd2 R8h2+ 42. Kd3 Nf2+ 43. Kd4 Ne4 44. Qe3 Kf6 45. Nxa6 Rc2 46.
Bb5 Rd1+ 47. Bd3 Rcd2 48. Nc5 Nxc5 49. Qe5+ Kg6 50. Qxf5+ Kg7 51. bxc5 Rxd3+
52. Qxd3 Rxd3+ 53. Kxd3 Bxd5 54. Kd4 {n.b. the bulletin's witty comment at the
head of this game: "this is not a positional masterpiece"} 1-0

[Event "Lewisham International 3rd"]
[Site "London"]
[Date "1983.11.26"]
[Round "3.8"]
[White "Iskov, Gert"]
[Black "Marian, R."]
[Result "1-0"]
[WhiteElo "2365"]
[BlackElo "2360"]
[PlyCount "79"]
[EventDate "1983.11.24"]
[EventType "swiss"]
[EventRounds "9"]
[EventCountry "ENG"]

1. e4 c5 2. Nc3 Nc6 3. f4 d6 4. Nf3 e6 5. g3 Be7 6. Bg2 Nf6 7. d3 O-O 8. Bd2
Rb8 9. a4 a6 10. O-O b5 11. axb5 axb5 12. b3 b4 13. Ne2 Qb6 14. Kh1 d5 15. e5
Ne8 16. g4 f6 17. Ng3 fxe5 18. fxe5 Nc7 19. Nh5 Bd7 20. Qe1 Nb5 21. g5 Be8 22.
Nf6+ gxf6 23. gxf6 Bd8 24. Qg3+ Bg6 25. h4 Bc7 26. Qg5 Kf7 27. h5 Rh8 28. Qh6
Rbg8 29. Ng5+ Ke8 30. hxg6 hxg6 31. f7+ Kd7 32. fxg8=Q Rxh6+ 33. Nh3 Ne7 34.
Qg7 Rh5 35. Rf7 Bd8 36. Bg5 Rxg5 37. Nxg5 Nd4 38. Qxg6 Kc6 39. Rxe7 Bxe7 40.
Nxe6 1-0

[Event "Lewisham International 3rd"]
[Site "London"]
[Date "1983.11.26"]
[Round "3.10"]
[White "Forintos, Gyozo Victor"]
[Black "Treppner, Gerd"]
[Result "0-1"]
[WhiteElo "2450"]
[BlackElo "2345"]
[PlyCount "70"]
[EventDate "1983.11.24"]
[EventType "swiss"]
[EventRounds "9"]
[EventCountry "ENG"]

1. c4 e5 2. Nc3 d6 3. g3 g6 4. d4 Nc6 5. d5 Nce7 6. e4 Bg7 7. h4 h5 8. Nh3 Bh6
9. f3 Bxc1 10. Qxc1 c5 11. Qd2 Nh6 12. Qg5 Bxh3 13. Bxh3 Nc8 14. f4 Ng8 15.
fxe5 Qxg5 16. hxg5 dxe5 17. Nb5 Ke7 18. Bxc8 Rxc8 19. Nxa7 $18 Rf8 20. O-O-O f6
21. d6+ Ke6 22. Rhf1 Rh7 23. Nb5 Rhf7 24. Nc7+ Kd7 25. Nd5 fxg5 26. Nb6+ Kd8
27. Rfe1 $4 Nf6 $17 28. Nd5 Nxd5 29. exd5 Rf5 30. Re3 h4 31. Rb3 R8f7 32. d7 $4
Rf1 (32... h3 $19) 33. Rxf1 $2 Rxf1+ 34. Kd2 h3 35. Rxb7 h2 0-1

[Event "Lewisham International 3rd"]
[Site "London"]
[Date "1983.11.26"]
[Round "3.11"]
[White "Townsend, M Paul"]
[Black "Rigo, Janos"]
[Result "0-1"]
[WhiteElo "2235"]
[BlackElo "2340"]
[PlyCount "81"]
[EventDate "1983.11.24"]
[EventType "swiss"]
[EventRounds "9"]
[EventCountry "ENG"]

1. d4 Nf6 2. c4 e6 3. Nc3 Bb4 4. e3 c5 5. Nge2 cxd4 6. exd4 d5 7. c5 Ne4 8. Bd2
Nxd2 9. Qxd2 Nc6 10. a3 Ba5 11. b4 Bc7 12. g3 b6 13. Bg2 Rb8 14. O-O bxc5 15.
dxc5 Qf6 16. Rfe1 O-O 17. Rad1 Ne5 18. Nd4 Nc4 19. Qc1 Be5 20. Nc6 Bxc3 21.
Nxb8 Nb2 22. Bf1 Nxd1 23. Rxd1 d4 24. Nc6 e5 25. Nxa7 Bg4 26. c6 e4 27. Bg2 e3
28. fxe3 Bxd1 29. Qxd1 dxe3 30. Qe2 Bd4 31. Nb5 Bb6 32. c7 Qa1+ 33. Bf1 Qc1 34.
a4 Rc8 35. a5 Bxc7 36. Nxc7 Rxc7 37. a6 g6 38. b5 Qc5 39. h4 h5 40. Kh2 Rd7 41.
Qc4 0-1

[Event "Lewisham International 3rd"]
[Site "London"]
[Date "1983.11.26"]
[Round "3.12"]
[White "Zak, Uri"]
[Black "Nicholson, John G"]
[Result "1/2-1/2"]
[WhiteElo "2310"]
[BlackElo "2260"]
[PlyCount "79"]
[EventDate "1983.11.24"]
[EventType "swiss"]
[EventRounds "9"]
[EventCountry "ENG"]

1. d4 Nf6 2. c4 c5 3. dxc5 e6 4. Be3 Na6 5. Nc3 Nxc5 6. Nf3 Nce4 7. Nxe4 Nxe4
8. a3 Be7 9. g3 b6 10. Bg2 Bb7 11. O-O O-O 12. Rc1 Nf6 13. Qa4 Bc6 14. Qb3 d6
15. Rfd1 Qb8 16. Bf4 Rd8 17. Bh3 Nd7 18. Nd4 Bb7 19. Qe3 Ne5 20. Nb5 Ng6 21.
Bg5 Bxg5 22. Qxg5 a6 23. Nd4 Qc7 24. Rc3 Qc5 25. Qe3 Qe5 26. Nc2 Qxe3 27. Nxe3
b5 28. Rb3 Bc6 29. Rbd3 bxc4 30. Rxd6 Rxd6 31. Rxd6 Bb5 32. Kf1 Kf8 33. Ke1 Rb8
34. f4 Ke7 35. Rd4 Rc8 36. Nd5+ Ke8 37. Kd2 Rc5 38. Ne3 Rh5 39. Bg4 Rxh2 40.
Nxc4 {Source: John Nicholson, 28 January 2022} 1/2-1/2

[Event "Lewisham International 3rd"]
[Site "London"]
[Date "1983.11.26"]
[Round "3.13"]
[White "Franke, Heribert"]
[Black "Slutzkin, Uri"]
[Result "0-1"]
[WhiteElo "2300"]
[BlackElo "2220"]
[PlyCount "91"]
[EventDate "1983.11.24"]
[EventType "swiss"]
[EventRounds "9"]
[EventCountry "ENG"]

1. d4 Nf6 2. Bg5 c5 3. d5 Qb6 4. Nc3 Qxb2 5. Bd2 Qb6 6. e4 d6 7. f4 e6 8. Nf3
Be7 9. Bb5+ Bd7 10. dxe6 fxe6 11. Bxd7+ Nbxd7 12. Ng5 e5 13. Ne6 Kf7 14. Ng5+ (
14. Rb1 $1 Qc6 15. f5 $16) 14... Kg8 15. Qe2 $2 Qa6 16. Nb5 h6 17. Ne6 Qc6 18.
Nc3 Nf8 19. Nd5 Nxd5 20. exd5 Qa4 21. c4 Nxe6 22. dxe6 Bh4+ 23. g3 Bf6 24. Bc3
Qa3 25. Qc2 Re8 26. f5 h5 27. O-O h4 28. g4 h3 29. Rf3 Rh4 30. Qe4 Qa4 31. Be1
d5 32. Qxd5 Rxg4+ 33. Rg3 Qxc4 34. Qxc4 Rxc4 35. Rxh3 Rf4 36. Rh5 g6 37. fxg6
Rxe6 38. Bg3 Rg4 39. Rh7 e4 40. Rf1 e3 41. Rxb7 e2 42. Re1 Bc3 43. Kf2 Bxe1+
44. Kxe1 Rd4 45. Rb1 c4 46. Bf2 0-1

[Event "Lewisham International 3rd"]
[Site "London"]
[Date "1983.11.26"]
[Round "3.20"]
[White "Garcia, Leontxo"]
[Black "Jagerflod, Kent"]
[Result "1-0"]
[WhiteElo "2300"]
[BlackElo "1910"]
[PlyCount "30"]
[EventDate "1983.11.24"]
[EventType "swiss"]
[EventRounds "9"]
[EventCountry "ENG"]

1. d4 Nf6 2. c4 e6 3. Nc3 Bb4 4. g3 O-O 5. Bg2 d5 6. Nf3 Ne4 7. Qd3 c5 8. O-O
Bxc3 9. bxc3 Nc6 10. Be3 cxd4 11. cxd4 Qa5 12. Rfc1 Bd7 13. Ne5 Nxe5 14. dxe5
f6 15. Bxe4 Bc6 1-0

[Event "Lewisham International 3rd"]
[Site "London"]
[Date "1983.11.26"]
[Round "3.22"]
[White "Singh, PK."]
[Black "Jackson, Sheila"]
[Result "0-1"]
[WhiteElo "2200"]
[BlackElo "2205"]
[PlyCount "60"]
[EventDate "1983.11.24"]
[EventType "swiss"]
[EventRounds "9"]
[EventCountry "ENG"]

1. e4 e5 2. Nf3 Nc6 3. Bb5 a6 4. Ba4 Nf6 5. O-O Be7 6. Re1 b5 7. Bb3 d6 8. c3
O-O 9. h3 Nb8 10. d4 Nbd7 11. Nbd2 Bb7 12. a4 c5 13. Bc2 Re8 14. Nf1 Bf8 15.
Ng3 g6 16. d5 c4 17. Be3 h6 18. Qd2 Kh7 19. Nh2 Bg7 20. Rf1 Qe7 21. f4 exf4 22.
Rxf4 Nxd5 23. Raf1 Nxf4 24. Bxf4 Ne5 25. Ng4 Nxg4 26. hxg4 Rad8 27. g5 hxg5 28.
Bxg5 f6 29. e5 Qxe5 30. Bf4 Qd5 0-1

[Event "Lewisham International 3rd"]
[Site "London"]
[Date "1983.11.27"]
[Round "4.1"]
[White "Ilic, Zoran S"]
[Black "Stean, Michael F"]
[Result "0-1"]
[WhiteElo "2430"]
[BlackElo "2500"]
[Annotator "Stean, Michael F"]
[PlyCount "48"]
[EventDate "1983.11.24"]
[EventType "swiss"]
[EventRounds "9"]
[EventCountry "ENG"]

1. d4 Nf6 2. Nf3 e6 3. c4 b6 4. a3 Bb7 5. Nc3 d5 6. cxd5 Nxd5 7. Qa4+ Nd7 8.
Nxd5 Bxd5 9. Ne5 a6 {A necessary precaution against the threat of e2-e4
followed by Bb5.} 10. Bf4 ({Black does not fear} 10. Nc6 {because of the trick}
Nc5 $1 11. dxc5 Qd7) 10... Bd6 11. Rc1 $2 ({Superficial. White must first play
} 11. e3) 11... b5 12. Qc2 Qf6 $1 13. Nxd7 Qxf4 14. e3 Qh4 15. Nc5 ({A crucial
moment. I feel that} 15. Ne5 {is necessary, but Black replies} c5 $1 16. Nf3
Bxf3 {and now if} 17. gxf3 ({or} 17. dxc5 Be4 $1) 17... cxd4 18. Qc6+ Ke7)
15... O-O {A curious position. On the queenside Black is strategically lost,
while on the kingside White cannot move. It is not however clear whether Black
can open any lines before White develops.} 16. Rd1 f5 17. Rd2 {Very
interesting play a la Petrosian. White intends Ke1-d1-c1-b1 while Black is
stuck for a plan.} Bxc5 $1 {After long thought. It is a pity to give up such a
bishop but otherwise White can always meet ...f4 with e4.} 18. Qxc5 f4 19. Qc3
c6 $1 {I am proud of this move. The threat is simply ...a5 & ...b4 opening up
a second front. White has no good defence.} 20. Kd1 a5 21. Qc2 $2 {Panicking
in time trouble.} fxe3 22. fxe3 a4 23. Kc1 Bb3 24. g3 {Otherwise 24...Qe1+.}
Qf6 $1 {Source: bulletin} (24... Qf6 {On} 25. Qd3 {to stop ...Qxf1+ comes} Bc4)
0-1

[Event "Lewisham International 3rd"]
[Site "London"]
[Date "1983.11.27"]
[Round "4.2"]
[White "Crouch, Colin S"]
[Black "Britton, Richard"]
[Result "1/2-1/2"]
[WhiteElo "2300"]
[BlackElo "2325"]
[PlyCount "54"]
[EventDate "1983.11.24"]
[EventType "swiss"]
[EventRounds "9"]
[EventCountry "ENG"]

1. d4 Nf6 2. c4 g6 3. Nc3 Bg7 4. e4 O-O 5. Be2 d6 6. Bg5 Nbd7 7. Qc1 e5 8. d5
a5 9. h4 Nc5 10. h5 Qd7 11. Qe3 Ne8 12. hxg6 hxg6 13. Qg3 f5 14. Bh4 Qf7 15. f3
Nf6 16. Nh3 Nh5 17. Qh2 fxe4 18. fxe4 Bh6 19. Rf1 Qg7 20. Rxf8+ Qxf8 21. Bg5
Bxh3 22. Bxh6 Qxh6 23. Qxh3 Qg5 24. Bxh5 gxh5 25. Ke2 Rf8 26. g3 Kg7 27. Rh1
Kg6 1/2-1/2

[Event "Lewisham International 3rd"]
[Site "London"]
[Date "1983.11.27"]
[Round "4.3"]
[White "Rogers, Ian"]
[Black "Iskov, Gert"]
[Result "1-0"]
[WhiteElo "2450"]
[BlackElo "2365"]
[PlyCount "68"]
[EventDate "1983.11.24"]
[EventType "swiss"]
[EventRounds "9"]
[EventCountry "ENG"]

1. d4 d5 2. c4 e6 3. Nf3 c6 4. cxd5 exd5 5. Nc3 Bf5 6. g3 Bd6 7. Bg2 Ne7 8. O-O
O-O 9. Re1 Nd7 10. a3 a5 11. e4 dxe4 12. Nxe4 Bc7 13. Bg5 Re8 14. d5 cxd5 15.
Nc3 Nf6 16. Bxf6 gxf6 17. Nh4 Be6 18. Qh5 Qd7 19. Qh6 Ng6 20. Rad1 Bd6 21. Bxd5
Bf8 22. Qh5 Nxh4 23. Be4 Ng6 24. Rxd7 Bxd7 25. Nd5 Ra6 26. Re3 Rd6 27. Nc3 Re5
28. Qe2 Bh6 29. f4 Ree6 30. Bd5 Rxe3 31. Qxe3 f5 32. Qa7 Bf8 33. Qxb7 a4 34.
Qc7 Ne7 1-0

[Event "Lewisham International 3rd"]
[Site "London"]
[Date "1983.11.27"]
[Round "4.5"]
[White "Westerinen, Heikki MJ"]
[Black "Branford, John W"]
[Result "1/2-1/2"]
[WhiteElo "2385"]
[BlackElo "2205"]
[PlyCount "98"]
[EventDate "1983.11.24"]
[EventType "swiss"]
[EventRounds "9"]
[EventCountry "ENG"]

1. e4 c6 2. d4 d5 3. Nd2 dxe4 4. Nxe4 Nf6 5. Nxf6+ gxf6 6. c3 Bf5 7. Nf3 e6 8.
g3 Bd6 9. Bg2 Nd7 10. O-O Qc7 11. Qe2 O-O-O 12. b4 Bg6 13. Bh6 Rhg8 14. a4 f5
15. Bd2 f4 16. c4 e5 17. c5 Bf8 18. dxe5 fxg3 19. fxg3 Re8 20. Bf4 Bg7 21. e6
Rxe6 22. Qc4 Ne5 23. Nxe5 Bxe5 24. Bxe5 Qxe5 25. Qf4 f5 26. Qxe5 Rxe5 27. Rae1
Rge8 28. Rxe5 Rxe5 29. h3 Bh5 30. a5 Bf7 31. Rf4 Kb8 32. Rh4 Bg6 33. Kf2 b6 34.
axb6 axb6 35. cxb6 Kb7 36. Rc4 Be8 37. Rc5 Re7 38. Rxf5 Kxb6 39. g4 Rf7 40.
Rxf7 Bxf7 41. g5 c5 42. Be4 Bg8 43. bxc5+ Kxc5 44. Ke3 Kd6 45. Kd4 Ke7 46. Ke5
Kf7 47. Bd5+ Kg6 48. Bxg8 Kxg5 49. Bf7 Kh6 1/2-1/2

[Event "Lewisham International 3rd"]
[Site "London"]
[Date "1983.11.27"]
[Round "4.6"]
[White "Slutzkin, Uri"]
[Black "Condie, Mark L"]
[Result "1/2-1/2"]
[WhiteElo "2220"]
[BlackElo "2340"]
[PlyCount "100"]
[EventDate "1983.11.24"]
[EventType "swiss"]
[EventRounds "9"]
[EventCountry "ENG"]

1. e4 e5 2. Nf3 Nf6 3. Nxe5 d6 4. Nf3 Nxe4 5. d4 d5 6. Bd3 Be7 7. O-O Nc6 8.
Re1 Bg4 9. c3 Nd6 10. Bg5 h6 11. Bxe7 Nxe7 12. Qe2 Bxf3 13. Qxf3 O-O 14. Nd2 c6
15. Re3 Qd7 16. Rae1 Rae8 17. Qe2 Nec8 18. Nf3 Rxe3 19. Qxe3 Re8 20. Ne5 Qd8
21. Qd2 Re7 22. Re3 Ne4 23. Qe2 Qe8 24. f3 Nf6 25. Kf2 Nd6 26. Nd7 Nfe4+ 27.
fxe4 Qxd7 28. exd5 Rxe3 29. Qxe3 cxd5 30. Qe5 Qc6 31. Qe7 g6 32. Ke3 h5 33. Kf4
Kg7 34. Qe5+ f6 35. Qe7+ Nf7 36. Be2 Qc8 37. Bf3 Qc6 38. h3 h4 39. Ke3 f5 40.
Kd2 a6 41. Qc5 Ng5 42. Bxd5 Ne4+ 43. Bxe4 Qxe4 44. Qc7+ Kh6 45. Qh2 g5 46. Kc1
Qe1+ 47. Kc2 Qe2+ 48. Kb3 Qb5+ 49. Ka3 Qa5+ 50. Kb3 Qb5+ 1/2-1/2

[Event "Lewisham International 3rd"]
[Site "London"]
[Date "1983.11.27"]
[Round "4.7"]
[White "Miles, Anthony John"]
[Black "Pytel, Krzysztof"]
[Result "1/2-1/2"]
[WhiteElo "2585"]
[BlackElo "2435"]
[PlyCount "75"]
[EventDate "1983.11.24"]
[EventType "swiss"]
[EventRounds "9"]
[EventCountry "ENG"]

1. c4 Nf6 2. Nc3 e6 3. Nf3 d5 4. d4 Bb4 5. cxd5 exd5 6. Bg5 c5 7. dxc5 Nbd7 8.
Rc1 Nxc5 9. Qd4 Bxc3+ 10. Rxc3 Nce4 11. Bxf6 Nxf6 12. e3 O-O 13. Bd3 Be6 14.
O-O Qa5 15. Ra3 Qb6 16. Rc1 Nd7 17. h3 h6 18. Rb3 Qxd4 19. Nxd4 b6 20. Rc7 Nc5
21. Rc3 a5 22. a3 a4 23. Bb5 Rfd8 24. f3 Kf8 25. Kf2 Rd6 26. g4 Ra5 27. Ke2 g6
28. Bc6 Rd8 29. Rc1 Rd6 30. Rc2 Nb3 31. Bb7 Nxd4+ 32. exd4 Bd7 33. Kd2 Kg7 34.
R2c3 Bb5 35. Re3 Bc4 36. Bc8 Rf6 37. Bd7 Bb5 38. Bc8 1/2-1/2

[Event "Lewisham International 3rd"]
[Site "London"]
[Date "1983.11.27"]
[Round "4.9"]
[White "Rigo, Janos"]
[Black "Lane, Gary William"]
[Result "1-0"]
[WhiteElo "2340"]
[BlackElo "2270"]
[PlyCount "91"]
[EventDate "1983.11.24"]
[EventType "swiss"]
[EventRounds "9"]
[EventCountry "ENG"]

1. e4 e5 2. Nf3 Nc6 3. Nc3 Nf6 4. d4 exd4 5. Nxd4 Bb4 6. Nxc6 bxc6 7. Bd3 d5 8.
exd5 cxd5 9. O-O O-O 10. Bg5 Be6 11. Ne2 h6 12. Bh4 c5 13. Nf4 c4 14. Nxe6 fxe6
15. Bg6 Rb8 16. Qe2 Qd7 17. b3 Bc3 18. Rad1 cxb3 19. axb3 Rb4 20. Bg3 Qc6 21.
f3 Nd7 22. f4 e5 23. f5 Nf6 24. Rd3 Re4 25. Qd1 Rd8 26. h3 a5 27. Kh2 a4 28.
Rff3 Ba5 29. bxa4 Qxa4 30. Ra3 Qb4 31. Rfb3 Qc5 32. Qa1 Bb6 33. Ra6 Nd7 34. f6
Rc4 35. Bf5 Bc7 36. fxg7 Qe7 37. Rxh6 Qg5 38. Rh8+ Kxg7 39. Rxd8 Qxf5 40. Rf3
Qe6 41. Rxd7+ Qxd7 42. Bxe5+ Kh7 43. Kh1 Re4 44. Qf1 Qe6 45. Rf7+ Kg8 46. Rg7+
1-0

[Event "Lewisham International 3rd"]
[Site "London"]
[Date "1983.11.27"]
[Round "4.11"]
[White "Hebden, Mark L"]
[Black "Rupf, Immo"]
[Result "1-0"]
[WhiteElo "2495"]
[BlackElo "2215"]
[PlyCount "33"]
[EventDate "1983.11.24"]
[EventType "swiss"]
[EventRounds "9"]
[EventCountry "ENG"]

1. e4 e6 2. Nc3 d5 3. d4 Bb4 4. e5 c5 5. Qg4 Ne7 6. Nf3 Nf5 7. Bd3 h5 8. Qf4
Nc6 9. a3 Bxc3+ 10. bxc3 Bd7 11. O-O Nce7 12. dxc5 Qc7 13. Rb1 Rb8 14. Nd4 Qxc5
15. Bxf5 Nxf5 16. Nxf5 exf5 17. e6 1-0

[Event "Lewisham International 3rd"]
[Site "London"]
[Date "1983.11.27"]
[Round "4.12"]
[White "Nicholson, John G"]
[Black "Flesch, Janos"]
[Result "1/2-1/2"]
[WhiteElo "2260"]
[BlackElo "2400"]
[PlyCount "106"]
[EventDate "1983.11.24"]
[EventType "swiss"]
[EventRounds "9"]
[EventCountry "ENG"]

1. e4 c5 2. Nf3 Nc6 3. d4 cxd4 4. Nxd4 Qc7 5. Nc3 e6 6. Be2 a6 7. O-O Nf6 8.
Kh1 Bb4 9. Bg5 Qe5 10. Nxc6 bxc6 11. f4 Qa5 12. Qd4 Bc5 13. Qd3 d5 14. Bxf6
gxf6 15. f5 d4 16. fxe6 Bxe6 17. Nd1 Qd8 18. Nf2 h5 19. Qg3 Bf8 20. Nd3 h4 21.
Qf2 Rh6 22. Nf4 c5 23. Nh5 Be7 24. Ng7+ Kf8 25. Nxe6+ fxe6 26. Bc4 Qb6 27. Qf4
Kg7 28. Qg4+ Rg6 29. Qxe6 Qxe6 30. Bxe6 Bd6 31. Rf3 Be5 32. Rb3 Rb8 33. Rxb8
Bxb8 34. Rf1 Rg5 35. b3 a5 36. Bf5 Rh5 37. Kg1 Rh6 38. Rf3 Be5 39. Bd7 Kf7 40.
Rh3 Ke7 41. Bb5 Bf4 42. Kf1 Kd6 43. Ke2 Ke5 44. Bd3 Kd6 45. Kf3 Ke5 46. g3 hxg3
47. Rxh6 Bxh6 48. Kxg3 Bf4+ 49. Kg2 Ke6 50. h4 Ke5 51. Kf3 Bd2 52. Ke2 Bf4 53.
Kf3 Bd2 1/2-1/2

[Event "Lewisham International 3rd"]
[Site "London"]
[Date "1983.11.27"]
[Round "4.20"]
[White "Berset, Philippe"]
[Black "Townsend, M Paul"]
[Result "0-1"]
[WhiteElo "2050"]
[BlackElo "2235"]
[PlyCount "74"]
[EventDate "1983.11.24"]
[EventType "swiss"]
[EventRounds "9"]
[EventCountry "ENG"]

1. e4 c5 2. Nf3 e6 3. d4 cxd4 4. Nxd4 Nf6 5. Nc3 d6 6. g3 Nc6 7. Bg2 Bd7 8. O-O
a6 9. Re1 Be7 10. Nxc6 Bxc6 11. a4 O-O 12. a5 Nd7 13. Be3 b5 14. axb6 Nxb6 15.
Bd4 Qc7 16. Qd3 Bb7 17. Na4 Nd7 18. b3 Bf6 19. Bxf6 Nxf6 20. c4 Rfd8 21. Rac1
Bc6 22. Nc3 Qb6 23. Ne2 Rab8 24. Nd4 Ba8 25. Qe3 e5 26. Nf5 Qxe3 27. Rxe3 g6
28. Ne7+ Kf8 29. Nd5 Bxd5 30. cxd5 Nd7 31. Rc7 Nc5 32. Bf1 a5 33. Bc4 Rb4 34.
Rf3 Rd7 35. Rc8+ Kg7 36. Re3 a4 37. Ra8 axb3 0-1

[Event "Lewisham International 3rd"]
[Site "London"]
[Date "1983.11.28"]
[Round "5.2"]
[White "Rogers, Ian"]
[Black "Westerinen, Heikki MJ"]
[Result "1/2-1/2"]
[WhiteElo "2450"]
[BlackElo "2385"]
[PlyCount "121"]
[EventDate "1983.11.24"]
[EventType "swiss"]
[EventRounds "9"]
[EventCountry "ENG"]

1. e4 d5 2. exd5 Qxd5 3. Nc3 Qa5 4. d4 Nf6 5. Nf3 c6 6. Bc4 Bf5 7. Bd2 Nbd7 8.
Qe2 e6 9. O-O-O Qc7 10. Ne5 Nxe5 11. dxe5 Nd5 12. g4 Bg6 13. f4 O-O-O 14. Qf2
Qb6 15. Qxb6 axb6 16. Bxd5 cxd5 17. Be3 Bc5 18. Bxc5 bxc5 19. Rhf1 f5 20. exf6
gxf6 21. f5 exf5 22. gxf5 Bf7 23. Rfe1 d4 24. Na4 Bh5 25. Rd2 Rde8 26. Re6 Rhg8
27. b4 Rxe6 28. fxe6 cxb4 29. Nb6+ Kd8 30. Nd5 Rg1+ 31. Kb2 Rd1 32. Rf2 d3 33.
cxd3 Bg6 34. Re2 Rf1 35. Nxb4 Ke7 36. d4 Kd6 37. d5 f5 38. e7 Be8 39. Re6+ Kc5
40. a3 Rf2+ 41. Kc1 Rf3 42. Kb2 Rf2+ 43. Kc1 Rf3 44. d6 Rxa3 45. Nc2 Rd3 46.
Rf6 Rxd6 47. Rf8 Bg6 48. e8=Q Bxe8 49. Rxe8 Rh6 50. Re2 f4 51. Kd2 b5 52. Ne1
Rh3 53. Nd3+ Kd4 54. Nxf4 Ra3 55. Ne6+ Kc4 56. Kc1 b4 57. Ng5 Rc3+ 58. Kd2 Rd3+
59. Ke1 b3 60. Nxh7 Re3 61. Rxe3 1/2-1/2

[Event "Lewisham International 3rd"]
[Site "London"]
[Date "1983.11.28"]
[Round "5.3"]
[White "Condie, Mark L"]
[Black "Crouch, Colin S"]
[Result "1/2-1/2"]
[WhiteElo "2340"]
[BlackElo "2300"]
[PlyCount "132"]
[EventDate "1983.11.24"]
[EventType "swiss"]
[EventRounds "9"]
[EventCountry "ENG"]

1. d4 Nf6 2. Nf3 e6 3. e3 d5 4. Bd3 Nbd7 5. Nbd2 c5 6. b3 cxd4 7. exd4 Bb4 8.
c4 dxc4 9. bxc4 O-O 10. Qc2 b6 11. O-O Bb7 12. Bb2 Rc8 13. Qb3 Bd6 14. Rad1 Bb8
15. Bb1 Qc7 16. Ne5 Nxe5 17. dxe5 Nd7 18. Qh3 g6 19. f4 Rcd8 20. f5 exf5 21.
Rxf5 Nc5 22. Rh5 Ne6 23. Rxh7 Qc5+ 24. Kh1 Bxg2+ 25. Qxg2 Kxh7 26. Rf1 Qe3 27.
Ne4 Kg7 28. Nd6 Qg5 29. Qxg5 Nxg5 30. e6+ f6 31. e7 Rxd6 32. exf8=Q+ Kxf8 33.
Bxf6 Nf7 34. Be5 g5 35. Bxd6+ Bxd6 36. Bg6 Bf4 37. h4 Ne5 38. Be4 Ke7 39. Bd5
Kf6 40. Kg2 Kg6 41. hxg5 Kxg5 42. Kf2 Kf5 43. Ke2 Ng6 44. Kd3 Ke5 45. Re1+ Kf6
46. Re6+ Kf5 47. Re8 Ne5+ 48. Kd4 Bh2 49. Rf8+ Kg6 50. Kc3 Ng4 51. Kb3 Nf6 52.
Ra8 a5 53. Ka4 Kf5 54. Kb5 Bg1 55. Kc6 Ke5 56. a4 Kd4 57. Rf8 Ke5 58. Rb8 Bc5
59. Bf7 Kd4 60. Rxb6 Bxb6 61. Kxb6 Ne4 62. Bg8 Nf6 63. Be6 Ne4 64. Kxa5 Kc5 65.
Ka6 Nd2 66. a5 Nb3 1/2-1/2

[Event "Lewisham International 3rd"]
[Site "London"]
[Date "1983.11.28"]
[Round "5.4"]
[White "Britton, Richard"]
[Black "Rigo, Janos"]
[Result "0-1"]
[WhiteElo "2325"]
[BlackElo "2340"]
[PlyCount "84"]
[EventDate "1983.11.24"]
[EventType "swiss"]
[EventRounds "9"]
[EventCountry "ENG"]

1. e4 c5 2. Nf3 d6 3. d4 cxd4 4. Nxd4 Nf6 5. Nc3 g6 6. Be3 Bg7 7. f3 O-O 8. Qd2
Nc6 9. g4 Nxd4 10. Bxd4 Be6 11. O-O-O Qa5 12. a3 a6 13. Kb1 Rfc8 14. h4 b5 15.
Nd5 Qxd2 16. Rxd2 Bxd5 17. exd5 Nd7 18. Bxg7 Kxg7 19. Bh3 Rc4 20. Rhd1 Ne5 21.
Bg2 Rac8 22. c3 h5 23. gxh5 gxh5 24. Rd4 f5 25. Kc2 Kf6 26. R1d2 Rg8 27. f4 Ng4
28. Kb3 Ne3 29. Bf3 Rxd4 30. Rxd4 Rg3 31. Bxh5 Rg2 32. Bd1 Nc4 33. Bc2 Nd2+ 34.
Ka2 Nf3 35. Rd3 Ne1 36. Rh3 Nxc2 37. h5 Kg7 38. h6+ Kh7 39. Kb3 Re2 40. c4 Ne3
41. cxb5 axb5 42. Rh5 Rd2 0-1